Исследование спектра высокого разрешения полосы 5v2 молекулы H2S; Известия вузов. Физика; Т. 63, № 7 (751)
| Parent link: | Известия вузов. Физика: научный журнал/ Национальный исследовательский Томский государственный университет (ТГУ) Т. 63, № 7 (751).— 2020.— [С. 174-175] |
|---|---|
| Huvudupphovsman: | |
| Institutionell upphovsman: | |
| Övriga upphovsmän: | , |
| Sammanfattning: | Заглавие с экрана Режим доступа: по договору с организацией-держателем ресурса |
| Språk: | ryska |
| Publicerad: |
2020
|
| Ämnen: | |
| Länkar: | https://www.elibrary.ru/item.asp?id=42776113 |
| Materialtyp: | MixedMaterials Elektronisk Bokavsnitt |
| KOHA link: | https://koha.lib.tpu.ru/cgi-bin/koha/opac-detail.pl?biblionumber=662715 |
MARC
| LEADER | 00000naa0a2200000 4500 | ||
|---|---|---|---|
| 001 | 662715 | ||
| 005 | 20250410130604.0 | ||
| 035 | |a (RuTPU)RU\TPU\network\33870 | ||
| 035 | |a RU\TPU\network\33302 | ||
| 090 | |a 662715 | ||
| 100 | |a 20200925d2020 k||y0rusy50 ca | ||
| 101 | 0 | |a rus | |
| 102 | |a RU | ||
| 135 | |a arcn ---uucaa | ||
| 181 | 0 | |a i | |
| 182 | 0 | |a b | |
| 200 | 1 | |a Исследование спектра высокого разрешения полосы 5v2 молекулы H2S |d Study of a High-Resolution Spectrum of the 5ν2 Band of the H2S Molecule |f Чжан Фанцэ, П. А. Глушков, Е. С. Бехтерева | |
| 203 | |a Текст |c электронный | ||
| 300 | |a Заглавие с экрана | ||
| 320 | |a [Библиогр.: 16 назв.] | ||
| 333 | |a Режим доступа: по договору с организацией-держателем ресурса | ||
| 461 | |t Известия вузов. Физика |o научный журнал |f Национальный исследовательский Томский государственный университет (ТГУ) | ||
| 463 | |t Т. 63, № 7 (751) |v [С. 174-175] |d 2020 | ||
| 510 | 1 | |a Study of a High-Resolution Spectrum of the 5ν2 Band of the H2S Molecule |z eng | |
| 610 | 1 | |a труды учёных ТПУ | |
| 610 | 1 | |a электронный ресурс | |
| 610 | 1 | |a молекулярная спектроскопия | |
| 610 | 1 | |a сероводород | |
| 610 | 1 | |a колебательно-электронные переходы | |
| 700 | 0 | |a Чжан Фанцэ |c китайский физик |c техник Томского политехнического университета |f 1993- |3 (RuTPU)RU\TPU\pers\42499 |9 21545 | |
| 701 | 1 | |a Глушков |b П. А. |c физик |c техник Томского политехнического университета |f 1998- |g Петр Алексеевич |3 (RuTPU)RU\TPU\pers\46749 |9 22385 | |
| 701 | 1 | |a Бехтерева |b Е. С. |c физик |c профессор Томского политехнического университета, доктор физико-математических наук |f 1974- |g Елена Сергеевна |3 (RuTPU)RU\TPU\pers\33044 |9 16878 | |
| 712 | 0 | 2 | |a Национальный исследовательский Томский политехнический университет |b Исследовательская школа физики высокоэнергетических процессов |c (2017- ) |3 (RuTPU)RU\TPU\col\23551 |9 28348 |
| 801 | 2 | |a RU |b 63413507 |c 20210205 |g RCR | |
| 856 | 4 | 0 | |u https://www.elibrary.ru/item.asp?id=42776113 |
| 942 | |c CF | ||